Je firemná filantropia marketingový nástroj?

Mimovládne organizácie závislé na firemnej filantropii. Vzájomne prepojený vzťah štát - súkromný sektor - tretí sektor. Filantropia a jej verejnoprospešná funkcia. Asignácia 2 percent dane z príjmu právnických osôb alebo dvojpercentná filantropia. Vzťah filantropie a marketingu.

Gespeichert in:
Bibliographische Detailangaben
1. Verfasser: Vančo, Martin
Format: Buchkapitel
Sprache:Slowakisch
Schlagworte:
Tags: Tag hinzufügen
Keine Tags, Fügen Sie das erste Tag hinzu!

MARC

LEADER 00000naa a2200000 4500
001 0151213
005 20240315070535.5
041 0 |a slo 
044 |a SK 
245 1 0 |a Je firemná filantropia marketingový nástroj?  |c Martin Vančo 
520 |a Mimovládne organizácie závislé na firemnej filantropii. Vzájomne prepojený vzťah štát - súkromný sektor - tretí sektor. Filantropia a jej verejnoprospešná funkcia. Asignácia 2 percent dane z príjmu právnických osôb alebo dvojpercentná filantropia. Vzťah filantropie a marketingu. 
610 2 0 |a filantropia 
610 2 0 |a organizácie neziskové 
610 2 0 |a sektor terciárny 
610 2 0 |a dane z príjmov 
610 2 0 |a marketing 
610 2 0 |a firmy 
610 2 0 |a osoby právnické 
100 1 |a Vančo, Martin